All Premier League Rightwingers 23/24 - Statistics

General Stats
  • This quiz has been taken 18 times
  • The average score is 26 of 37
Answer Stats
Club Nation # Answer % Correct
Man United Brazil 21 Antony
100%
Arsenal England 7 Bukayo Saka
100%
Liverpool Egypt 11 Mohamed Salah
100%
Man United Ivory Coast 16 Amad Diallo
94%
Aston Villa France 19 Moussa Diaby
94%
Man City England 47 Phil Foden
94%
Brentford Cameroon 19 Bryan Mbeumo
89%
Spurs Sweden 21 Dejan Kulusevski
89%
West Ham England 20 Jarrod Bowen
89%
Crystal Palace France 7 Michael Olise
89%
Newcastle Paraguay 24 Miguel Almiron
89%
Arsenal England 24 Reiss Nelson
89%
Spurs Wales 22 Brennan Johnson
83%
Aston Villa Argentina 10 Emiliano Buendia
83%
Man City Norway 52 Oscar Bobb
83%
Wolves Portugal 7 Pedro Neto
83%
Fulham Spain 11 Adama Traore
78%
Spurs Spain 11 Bryan Gil
78%
Fulham Wales 8 Harry Wilson
78%
Brighton England 7 Solly March
72%
Liverpool Scotland 50 Ben Doak
67%
Chelsea England 11 Noni Madueke
67%
Brighton Ivory Coast 24 Simon Adingra
67%
Brentford Germany 9 Kevin Schade
61%
Newcastle Scotland 11 Matt Ritchie
61%
Wolves Spain 21 Pablo Sarabia
61%
Bournemouth Burkina Faso 11 Dango Ouattara
56%
Newcastle England 23 Jacob Murphy
56%
Burnley Iceland 7 Johann Gudmundsson
56%
Bournemouth Ghana 24 Antoine Semenyo
50%
Luton Town Ireland 7 Chiedozie Ogbene
50%
Luton Town Netherlands 14 Tahith Chong
50%
Everton England 11 Jack Harrison
39%
Burnley England 15 Nathan Redmond
39%
Bournemouth France 8 Romain Faivre
39%
Luton Town England 30 Andros Townsend
28%
Burnley Belgium 10 Benson Manuel
28%
No matching quizzes found
Score Distribution
Percent of People with Each Score
Percentile by Number Answered
Your Score History
You have not taken this quiz